Subdivision capitals closest to Sremska Mitrovica (RS) - Statistics

General Stats
  • This quiz has been taken 9 times
  • The average score is 11 of 21
Answer Stats
Distance (km) Answer % Correct
5 69 Beograd
100%
2 37 Novi Sad
100%
3 64 Brčko
50%
19 133 Čačak
50%
14 117 Kikinda
50%
20 148 Kragujevac
50%
12 98 Osijek
50%
9 82 Pančevo
50%
18 130 Požarevac
50%
1 25 Šabac
50%
17 127 Slavonski Brod
50%
13 110 Smederevo
50%
11 97 Sombor
50%
16 126 Subotica
50%
20 148 Szeged
50%
10 88 Tuzla
50%
15 125 Užice
50%
8 81 Valjevo
50%
4 64 Vukovar
50%
7 77 Zrenjanin
50%
6 72 Orašje
25%
No matching quizzes found
Score Distribution
Percent of People with Each Score
Percentile by Number Answered
Your Score History
You have not taken this quiz